| 000 | 01270nam a2200361 a 4500 | ||
|---|---|---|---|
| 001 | 20984 | ||
| 003 | BD-RjUL | ||
| 005 | 20211209000632.0 | ||
| 008 | 140303s2004 nyua b 000 d eng | ||
| 020 | _a0393976157 (pbk.) | ||
| 035 | _a(BD-RjUL)21046 | ||
| 040 |
_aDLC _cDLC _dDLC _dBD-RjUL _beng |
||
| 041 | _aeng | ||
| 082 | 0 | 0 |
_a822.33 _221 _bSHO 2004 |
| 100 | 1 |
_aShakespeare, William, _d1564-1616. _964823 |
|
| 245 | 1 | 0 |
_aOthello : _bauthoritative text, sources and contexts, criticism / _cWilliam Shakespeare ; edited by Edward Pechter. |
| 260 |
_aNew York : _bW.W. Norton & Co., _cc2004. |
||
| 300 |
_axvii, 407 p. : _bill. ; _c22 cm. |
||
| 504 | _aIncludes bibliographical references (p. 389-407). | ||
| 600 | 1 | 0 |
_aShakespeare, William, _d1564-1616. _964836 |
| 650 | 0 |
_aOthello (Fictitious character) _vDrama. _957413 |
|
| 650 | 0 |
_aOthello (Fictitious character) _964826 |
|
| 650 | 0 |
_aInterracial marriage _vDrama. _964827 |
|
| 650 | 0 |
_aJealousy _vDrama. _964828 |
|
| 650 | 0 |
_aMuslims _vDrama. _964829 |
|
| 651 | 0 |
_aVenice (Italy) _vDrama. _964830 |
|
| 655 | 7 |
_aTragedies. _2gsafd _964837 |
|
| 700 | 1 |
_aPechter, Edward, _d1941- _964832 |
|
| 942 |
_2ddc _cBK |
||
| 999 |
_c20984 _d20984 |
||